[Event "Chigorin Memorial 24th"]
[Site "St Petersburg"]
[Date "2016.10.15"]
[Round "1"]
[White "Koliadintcev, Igor"]
[Black "Kaganskiy, Gleb"]
[Result "0-1"]
[WhiteElo "1614"]
[BlackElo "2226"]
[PlyCount "80"]
[EventDate "2016.10.15"]
[EventType "swiss"]
[EventRounds "9"]
[EventCountry "RUS"]
[SourceTitle "CBM 175 Extra"]
[Source "ChessBase"]
[SourceDate "2016.12.12"]
[SourceVersion "1"]
[SourceVersionDate "2016.12.12"]
[SourceQuality "1"]

1. e4 c5 2. Nf3 d6 3. d4 cxd4 4. Nxd4 Nf6 5. Nc3 a6 6. Be3 e5 7. Nb3 Be6 8. f3 h5 9. Qd2 Be7 10. 0-0-0 Nbd7 11. Qf2 b5 12. Kb1 Rc8 13. Be2 Qc7 14. Rd2 b4 15. Na4 Qc6 16. Nb6 Nxb6 17. Bxb6 d5 18. Na5 Qa8 19. exd5 Nxd5 20. Nc4 Nc3+ 21. bxc3 Bxc4 22. cxb4 Bxb4 23. Bxc4 Bxd2 24. Bb3 Bc3 25. Ba4+ Kf8 26. Qe3 Kg8 27. Bb3 Rh6 28. Bc5 Qc6 29. Qxc3 Qxc5 30. Qd3 Rf6 31. Rd1 g6 32. h3 Kg7 33. Qd7 Rc7 34. Qd8 Rc8 35. Qd7 Rc7 36. Qd8 Rb6 37. Qd3 a5 38. Qe4 a4 39. Qxa4 Qxc2+ 40. Ka1 Qxd1+ 0-1